Statistiques concernant Culture Générale - Série 689

Cliquez ici pour prendre le quiz!

Statistiques générales

  • Ce quiz a été pris 66 fois
  • Le résultat moyen est 6 sur 10

Statistiques - réponses

QuestionRéponse% Correct
Qu'est-ce qui peut-être brouillé, dur ou mollet ?oeuf
97%
Dans quel pays se situe la Kabylie ?Algérie
90%
Dans quel sport parle-t-on de salchow et de double axels ?patinage artistique
87%
Quel État est appelé "le Pays du Milieu" par ses habitants ?Chine
73%
Quel chanteur a pour nom de scène le mot "sucre" en italien ?Zucchero
62%
Dans quelle ville du Proche-Orient peut-on emprunter la Via Dolorosa ?Jérusalem
41%
À quel cinéaste doit-on “Taxi Driver” en 1976 ?Martin Scorsese
37%
Dans quelle ville espagnole se trouve la “Grande Mosquée”, convertie en cathédrale sous Charles Quint ?Cordoue
37%
En musique, comment appelle-t-on le silence dont la durée correspond à celle d'une noire ?soupir
27%
Quel est le point culminant du Royaume-Uni ?Ben Nevis
13%

Distribution des résultats

Percentile par nombre de réponses

% des personnes avec chaque résultat

Votre développement - résultats

Vous n’avez pas pris ce quiz